Statistics for England's Top-Capped Football Players

Click here to take the quiz!

General Stats

  • This quiz has been taken 25,826 times
  • The average score is 10 of 20

Answer Stats

CapsPlayer% Correct
119Wayne Rooney
92%
106Frank Lampard
85%
114Steven Gerrard
84%
115David Beckham
84%
78John Terry
70%
107Ashley Cole
68%
106Bobby Charlton
66%
81Rio Ferdinand
63%
89Michael Owen
57%
125Peter Shilton
56%
108Bobby Moore
56%
80Gary Lineker
53%
85Gary Neville
52%
90Bryan Robson
27%
105Billy Wright
26%
78Stuart Pearce
18%
79John Barnes
17%
77Terry Butcher
16%
86Kenny Sansom
12%
84Ray Wilkins
10%

Score Distribution

Percentile by Number Answered

Percent of People with Each Score

Your Score History

You have not taken this quiz